The introductory to the Toeic test Audio CD
Kaydedildi:
| Yazar: | |
|---|---|
| Materyal Türü: | Kitap |
| Dil: | English |
| Baskı/Yayın Bilgisi: |
Cengage Learning
2008
|
| Konular: | |
| Etiketler: |
Etiketle
Etiket eklenmemiş, İlk siz ekleyin!
|
| Thư viện lưu trữ: | Trung tâm Học liệu Lê Vũ Hùng, Trường Đại học Đồng Tháp |
|---|
| LEADER | 00794pmm a22003018a 4500 | ||
|---|---|---|---|
| 001 | 00030111 | ||
| 005 | 20171026081022.0 | ||
| 008 | 121218s2008 ||||||engsd | ||
| 041 | 0 | # | |a eng |
| 082 | 1 | 4 | |a 428 |b I311T |
| 100 | 1 | # | |a Rogers, Bruce |
| 245 | 1 | 0 | |a The introductory to the Toeic test |c Bruce Rogers |b Audio CD |h nguồn liệu điện tử] |
| 260 | # | # | |b Cengage Learning |c 2008 |
| 300 | # | # | |a 1 đĩa CD |c 43/4 in |
| 653 | # | # | |a TOEIC |
| 653 | # | # | |a Tiếng Anh |
| 653 | # | # | |a Đĩa CD |
| 852 | # | # | |b Kho đa phương tiện |j DPT.0000023 |
| 852 | # | # | |j DPT.0000023 |
| 910 | 0 | # | |d 18/12/2012 |
| 980 | # | # | |a Trung tâm Học liệu Lê Vũ Hùng, Trường Đại học Đồng Tháp |